Pentecostés

Saved in:
Bibliografiske detaljer
Hovedforfatter: Congar, Yves Marie-Joseph (Author)
Format: Bog
Sprog:spansk
Udgivet: Barcelona Centre de Pastoral Litúrgica de Barcelona 2016
Udgivelse:1a. ed
Serier:Cuadernos Phase, 231
Fag:
Tags: Tilføj Tag
Ingen Tags, Vær først til at tagge denne postø!

MARC

LEADER 00000cam a2200000 a 4500
001 UCD5639
003 CL-VaPUC
008 160930e20160000sp |||||||||||||||||spa|d
020 |a 9788498059090 
082 0 4 |a 263.94  |b CON  |2 21 
100 0 |a Congar, Yves Marie-Joseph  |e author  |9 395176 
245 1 0 |a Pentecostés 
250 |a 1a. ed 
300 |a 102 p 
942 |c BK 
945 |d 20160930 08:06:00  |a dcastane 
260 |a Barcelona  |b Centre de Pastoral Litúrgica de Barcelona  |c 2016 
650 0 |a Fiestas religiosas  |9 349319 
650 7 |a PRACTICA RELIGIOSA  |2 CL-VaPUC  |9 589424 
650 0 |a Costumbres y tradiciones   |9 268292 
583 |a last modification  |c 20160930 08:06:00  |k Rodrigo Vera 
490 0 |a Cuadernos Phase, 231 
999 |c 366263  |d 366261 
952 |0 0  |1 0  |3 erb  |4 0  |6 263_940000000000000_CON_2016  |7 0  |8 A  |9 480376  |a BIBTEO  |b BIBTEO  |i 5343208  |o 263.94 CON 2016  |p 5343208  |r 2025-01-17  |w 2019-11-24  |y BK  |z Catalogado en:20160930  |k ICR 
952 |0 0  |1 0  |3 erb  |4 0  |6 263_940000000000000_CON_2016  |7 0  |8 A  |9 480377  |a BIBTEO  |b BIBTEO  |i 5371716  |o 263.94 CON 2016  |p 5371716  |r 2025-01-17  |w 2019-11-24  |y BK  |z Catalogado en:20170407  |k ICR